00488nam a22001337a 450000500170000000800410001704100230005808200120008110000230009324500920011626000880020830000330029665000250032920240823082433.0240823b |||||||| |||| 00| 0 eng d aEnglish/Afrikaans  a349 LAW lEnglish/Afrikaans  aThe Laws of South West Africa 1973: Ordinances Issued in South West Africa during 1973  aWindhoek: bOrder of the Honourable the Administrator of South West Africa, c1973  blxxvii, 231 pages; c25 cm.  aLegal practice bLaw